[Event "Florianopolis op 6th"]
[Site "Florianopolis"]
[Date "2020.01.25"]
[Round "8"]
[White "Lemos, Paulo Renato Bueno"]
[Black "Perutti, Rafael"]
[Result "1-0"]
[WhiteElo "1842"]
[BlackElo "1560"]
[PlyCount "67"]
[EventDate "2020.01.20"]
[EventType "swiss"]
[EventRounds "10"]
[EventCountry "BRA"]
[SourceTitle "CBM 194 Extra"]
[Source "ChessBase"]
[SourceDate "2020.03.31"]
[SourceVersion "1"]
[SourceVersionDate "2020.03.31"]
[SourceQuality "1"]

1. e4 e6 2. d4 d5 3. Bd3 Nf6 4. e5 Nfd7 5. f4 c5 6. c3 Nc6 7. Nf3 Be7 8. 0-0 0-0 9. Qc2 f5 10. Be3 cxd4 11. Nxd4 Nxd4 12. cxd4 Nb8 13. Kh1 Nc6 14. a3 Qb6 15. Qf2 Qb3 16. Nc3 Bd7 17. Rg1 Kf7 18. g4 g6 19. Qg2 Rg8 20. gxf5 gxf5 21. Qh3 Rh8 22. Qh5+ Kf8 23. Rg2 Bxa3 24. Rxa3 Qb4 25. Qh6+ Ke8 26. Qg7 Qf8 27. Nb5 Kd8 28. Qxf8+ Rxf8 29. Nd6 Kc7 30. Rb3 b6 31. Rc3 Kd8 32. Bb5 Nb4 33. Bxd7 Kxd7 34. Rg7+ 1-0

[Event "Florianopolis op 6th"]
[Site "Florianopolis"]
[Date "2020.01.20"]
[Round "1"]
[White "Federzoni, Enzo"]
[Black "Lemos, Paulo Renato Bueno"]
[Result "1-0"]
[WhiteElo "2118"]
[BlackElo "1842"]
[PlyCount "117"]
[EventDate "2020.01.20"]
[EventType "swiss"]
[EventRounds "10"]
[EventCountry "BRA"]
[SourceTitle "CBM 194 Extra"]
[Source "ChessBase"]
[SourceDate "2020.03.31"]
[SourceVersion "1"]
[SourceVersionDate "2020.03.31"]
[SourceQuality "1"]

1. e4 e5 2. Nf3 Nf6 3. Nc3 Bb4 4. Nxe5 Bxc3 5. dxc3 Qe7 6. Nd3 Qxe4+ 7. Qe2 Qxe2+ 8. Bxe2 0-0 9. Bf4 d6 10. 0-0-0 Bg4 11. f3 Be6 12. b3 Nc6 13. Rhe1 Rfe8 14. c4 b6 15. c3 Re7 16. g4 Rae8 17. Bf1 Bc8 18. Bg3 Rxe1 19. Rxe1 Rxe1+ 20. Nxe1 Ne5 21. h3 Bb7 22. Be2 Kf8 23. Kd2 Ke7 24. Ke3 h6 25. Nc2 c5 26. Ne1 g5 27. Nd3 Nfd7 28. Nf2 Nf6 29. h4 Ke6 30. Nh3 gxh4 31. Nf4+ Ke7 32. Bxh4 Ng6 33. Bg3 Ne5 34. Nd3 Nfd7 35. Bf4 Nxd3 36. Bxd3 Ne5 37. Be2 f5 38. Bxh6 Kf6 39. Bf8 fxg4 40. fxg4 Nf7 41. Kf4 a6 42. Bd3 Bc6 43. a4 d5 44. a5 bxa5 45. Bxc5 dxc4 46. Bxc4 a4 47. bxa4 Bxa4 48. Bxa6 Nd8 49. Bd4+ Kf7 50. Bc4+ Ne6+ 51. Ke5 Bd7 52. Kd6 Bc8 53. g5 Ke8 54. Bxe6 Bb7 55. g6 Be4 56. g7 Bh7 57. c4 Kd8 58. Bd7 Bg8 59. c5 1-0

[Event "Florianopolis op 3rd"]
[Site "Florianopolis"]
[Date "2017.01.21"]
[Round "2"]
[White "Lemos, Paulo Renato Bueno"]
[Black "Gazola, Vanessa Ramos"]
[Result "1/2-1/2"]
[WhiteElo "1823"]
[BlackElo "2056"]
[PlyCount "150"]
[EventDate "2017.01.20"]
[EventType "swiss"]
[EventRounds "10"]
[EventCountry "BRA"]
[SourceTitle "CBM 176 Extra"]
[Source "ChessBase"]
[SourceDate "2017.03.02"]
[SourceVersion "1"]
[SourceVersionDate "2017.03.02"]
[SourceQuality "1"]

1. e4 c5 2. Nf3 a6 3. d4 cxd4 4. c3 g6 5. cxd4 d5 6. e5 Bg4 7. Qb3 Qd7 8. Be2 e6 9. 0-0 Nc6 10. Rd1 Bg7 11. Bf4 Nge7 12. Na3 0-0 13. h3 Bxf3 14. Bxf3 Nf5 15. Nc2 Rac8 16. Bg4 f6 17. Bxf5 gxf5 18. Re1 fxe5 19. dxe5 Ne7 20. Nd4 Ng6 21. Qe3 Qf7 22. Rac1 Nxf4 23. Qxf4 Qg6 24. Qg3 Qxg3 25. fxg3 Kf7 26. Nf3 Ke7 27. Kf2 Kd7 28. Ke2 Bh6 29. Rc3 b5 30. Kd3 Rxc3+ 31. bxc3 Rg8 32. Ke2 Rxg3 33. Kf2 Rg8 34. a4 Rc8 35. axb5 axb5 36. Rb1 Rc5 37. Ke2 Rxc3 38. Rxb5 Rc2+ 39. Kd3 Rxg2 40. Rb7+ Ke8 41. Rxh7 Bf4 42. h4 Rf2 43. Ng5 Rd2+ 44. Kc3 Bxg5 45. hxg5 Rg2 46. Rh8+ Kf7 47. Rh7+ Kf8 48. Rh6 Kf7 49. Rf6+ Ke7 50. g6 Rg4 51. Rf7+ Ke8 52. Rf6 Kd7 53. Rf7+ Kc6 54. Rf6 d4+ 55. Kc4 d3+ 56. Kxd3 Kd5 57. Rf7 Rxg6 58. Ra7 Rg3+ 59. Ke2 Kxe5 60. Ra5+ Kf6 61. Kf2 Rc3 62. Ra6 f4 63. Ke2 Kf5 64. Ra8 e5 65. Ra5 Rb3 66. Kf2 Re3 67. Ra8 Rd3 68. Ra5 Ke4 69. Ra4+ Rd4 70. Ra2 f3 71. Rb2 Kf4 72. Rb3 Rd2+ 73. Ke1 f2+ 74. Kf1 e4 75. Rg3 Ke5 1/2-1/2